| 000 | 00563nam a2200193Ia 4500 | ||
|---|---|---|---|
| 005 | 20250923144635.0 | ||
| 008 | 008 250917s9999 xx 000 0 eng d | ||
| 037 | _aTextual | ||
| 040 |
_aDSWL _beng _cDSWL |
||
| 041 |
_aeng _2eng |
||
| 084 |
_aL:421ogS:56, N56 _qDSWL |
||
| 245 | 0 |
_aPersonality stress and tuberculosis _cEd.by P.J. Sparer |
|
| 260 |
_aNew York _bInternational University Press _c1956 |
||
| 300 | _axviii,629p. | ||
| 365 |
_aUSD _b12.5 |
||
| 925 | _g12.5 | ||
| 942 |
_cTEXL _hL:421ogS:56, N56 |
||
| 999 |
_c1441523 _d1441523 |
||